JR Joban Line Stations, Japan - Statistics

General Stats
  • This quiz has been taken 64 times
  • The average score is 52 of 90
Answer Stats
Station No. Answer % Correct
JT 01 Tokyo
100%
JJ 01 Ueno
100%
JT 03 Shinagawa
94%
JJ 10/JJ 32 Toride
94%
JJ 05 Kita Senju
91%
JJ 02 Nippori
91%
JJ 08/JJ 30 Abiko
89%
JT 02 Shimbashi
89%
JJ 07/JL 28 Kashiwa
87%
Sendai
87%
Hitachi
85%
Mito
85%
JJ 06/JL 22 Matsudo
83%
Iwaki
81%
JJ 04 Minami Senju
81%
Tsuchiura
80%
JL 19 Ayase
78%
JL 27 Minami Kashiwa
78%
JJ 03 Mikawashima
72%
JJ 09/JJ 31 Tennodai
72%
JL 20 Kameari
70%
JL 23 Kita Matsudo
70%
JL 29 Kita Kashiwa
69%
Tomobe
69%
Haranomachi
67%
Hitachino Ushiku
67%
JL 21 Kanamachi
67%
JL 24 Mabashi
67%
JL 25 Shim Matsudo
67%
Katsuta
65%
Takahagi
65%
Fujishiro
63%
Ushiku
63%
Arakawaoki
61%
JL 26 Kita Kogane
61%
Namie
61%
Ryugasaki Shi (Sanuki)
61%
Kairakuen
59%
Minami Sendai
59%
Natori
59%
Soma
59%
Tokai
59%
Futaba
57%
Ishioka
56%
Iwanuma
56%
Akatsuka
54%
Nakoso
54%
Tomioka
54%
Hitachi Taga
52%
Hatori
50%
Omika
50%
Kandatsu
48%
Otsuko
48%
Yumoto
48%
Isohara
46%
Nagamachi
46%
Sawa
46%
Taishido
46%
Takahama
46%
Uchihara
46%
Iwama
44%
Watari
44%
Yonomori
44%
Izumi
43%
Juo
43%
Ono
43%
Tatsuta
43%
J Village
41%
Kashima
41%
Ogitsu
41%
Okuma
41%
Shinchi
41%
Hirono
39%
Nittaki
39%
Tatekoshi
39%
Ueda
39%
Minami Nakago
37%
Momouchi
37%
Uchigo
37%
Yamashita
37%
Sakamoto
35%
Yotsukura
35%
Hamayoshida
33%
Hisanohama
33%
Komagamine
33%
Suetsugi
33%
Iwaki Ota
31%
Kido
31%
Kusano
31%
Odaka
31%
No matching quizzes found
Score Distribution
Percent of People with Each Score
Percentile by Number Answered
Your Score History
You have not taken this quiz